Представление документа в формате MARC21

Поле Инд. ПП Название Значение
Тип записи m
Библиографический уровень m
001 Контрольный номер ba778a7e199f4d4e9508770e94d1b8bb
003 RU/IS/BASE/654176113
005 Дата корректировки 20240325105448.8
008 Кодируемые данные 240215 ru rus u
040 a Служба первич. каталог. Б-ка МАГУ
e Правила каталог. PSBO
041 0_ a Код языка текста рус/rus
084 a Индекс другой классификации/Индекс ББК 74.480.278я43
203 a Вид содержания Текст
c Тип средства электронный
245 10 a Заглавие Актуальные проблемы естествознания, физической культуры и безопасности жизнедеятельности
b Продолж. заглавия сборник материалов научно-практических конференций студентов факультета естествознания, физической культуры и безопасности жизнедеятельности МАГУ, 2018-2019 гг.
h Физич. носитель Электронный ресурс
c Ответственность Министерство науки и высшего образования Российской Федерации, Мурманский арктический государственный университет ; редкол.: О. Г. Киевская (отв. ред.), А. А. Троценко, Е. Ю. Александрова
260 a Место издания Мурманск
b Издательство МАГУ
c Дата издания 2020
500 a Примечание Электрон. текстовые дан. (файл : 2,0 Мб)
500 a Примечание URL: https://elib.mauniver.ru/2024/MASU/SB_01.pdf
500 a Примечание Доступ из локальной сети Мурманского арктического университета. - Загл. с экрана
520 0_ a Аннотация В сборник включены тезисы работ студентов факультета естествознания, физической культуры и безопасности жизнедеятельности, посвященные актуальным проблемам биологии, экологии и природопользования, безопасности жизнедеятельности и физической культуры
650 04 a Основная рубрика Естественные науки-Сборники
650 04 a Основная рубрика Физическая культура и спорт-Сборники
650 04 a Основная рубрика Безопасность жизнедеятельности-Сборники
653 0_ a Ключевые слова Безопасность жизнедеятельности
a Ключевые слова МАГУ
a Ключевые слова Материалы конференций
a Ключевые слова Мурманский арктический государственный университет
a Ключевые слова Научно-практические конференции
a Ключевые слова Природопользование
a Ключевые слова Физическая культура и спорт
a Ключевые слова Электронные версии
700 1_ a Другие авторы Киевская О. Г.
e Роль лиц отв. ред.
700 1_ a Другие авторы Троценко А. А.
e Роль лиц ред.
700 1_ a Другие авторы Александрова Е. Ю.
e Роль лиц ред.
856 40 u URL https://elib.mauniver.ru/2024/MASU/SB_01.pdf
901 t Тип документа m